Normal view
MARC view
- Nidham al-Din Abi 'Ali al-Shashi
Entry Personal Name
001 - CONTROL NUMBER
- control field: 37368
003 - CONTROL NUMBER IDENTIFIER
- control field: NUST
005 - DATE AND TIME OF LATEST TRANSACTION
- control field: 20210314130247.0
008 - FIXED-LENGTH DATA ELEMENTS
- fixed length control field: 210314|| aca||aabn | a|a d
040 ## - CATALOGING SOURCE
- Original cataloging agency: NUST
- Transcribing agency: NUST
100 ## - HEADING--PERSONAL NAME
- Personal name: Nidham al-Din Abi 'Ali al-Shashi
670 ## - SOURCE DATA FOUND
- Source citation: Work cat.: (NUST): Nidham al-Din Abi 'Ali al-Shashi, Usul al-Shashi Fi usul al fiqah, 1982
